000 00273nam a2200121Ia 4500
008 190216s9999||||xx |||||||||||||| ||und||
100 _aKrishnan S
245 0 _aGarnered Sheaves
260 _bCurrent Books
_c1994
300 _a80p
650 _aEnglish Prose
942 _cBK
999 _c13878
_d13878